000
00212 a2200097 4500
020
_a
8440604939
041
_a
spa
100
_a
Bisset, Donald
245
_a
Las alegres aventuras del Capitan Serpiente
942
_c
BK
999
_c
28572
_d
28572